History of Germany (1871-1919) - Statistics

General Stats
  • This quiz has been taken 92 times
  • The average score is 8 of 15
Answer Stats
Question Answer % Correct
With which nation did Germany and Austria ally themselves in 1882? Italy
86%
Who succeeded the above? Wilhelm II
84%
Which treaty ended the war between Germany and the victorious powers of the First World War? Treaty of Versailles
83%
Which neutral kingdom was invaded by Germany in 1914? Belgium
78%
At which conference did the major European powers divide Africa? Berlin Conference
66%
In which city was one of the bloodiest battles of the First World War fought in 1916? (Hint: in 843 an important treaty was signed in the same city) Verdun
62%
With which nation did Germany secretly ally itself in 1914? Ottoman Empire
59%
What was the first battle in which tanks were used? Battle of the Somme
57%
Which woman led the Spartacist revolution in 1919? Rosa Luxemburg
57%
Which famous aviator was killed in 1918? The Red Baron
52%
In which famous battle was Germany defeated in 1914 in France? First Battle of the Marne
41%
Who became Kaiser in 1888 for only 99 days? Frederick III
41%
For the dominion of which nation were there two crises between Germany and France in 1905 and 1911? Morocco
37%
Which treaty was signed between the Central Empires and the Soviet Union in 1918? Treaty of Brest-Litovsk
15%
Which war ended with the Berlin Congress of 1878? Russo-Turkish War
14%
No matching quizzes found
Score Distribution
Percent of People with Each Score
Percentile by Number Answered
Your Score History
You have not taken this quiz